| 000 | 00852nam a2200301Ia 4500 | ||
|---|---|---|---|
| 001 | 2272 | ||
| 003 | IT-RoPAU | ||
| 008 | 130308s9999 xx 000 0 und d | ||
| 040 | _aIT-RoPAU | ||
| 040 | _cIT-RoPAU | ||
| 041 | _aFRANCESE | ||
| 100 | _aRosenbaum Jonathan | ||
| 100 | _gCodice Aut. SPICS: 1888 | ||
| 245 | _aTrois textes de greed (Les) | ||
| 245 | _bCinema Americain (Le)-2 Voll. | ||
| 250 | _a1a ed. | ||
| 260 | _aPARIS | ||
| 260 | _bFlammarion | ||
| 260 | _c1980 [1° Ed.:1980 - Ed.Ling.Originale:1980] | ||
| 300 | _a"28 p. (prefazione: no ; testo: 28 [pagine: 89-116])" | ||
| 500 | _aCinema Americano Produzione Norris Stroheim M.G.M. Les Rapaces di Eric Von Stroheim | ||
| 650 | _aSTORIA NAZIONALE DEL CINEMA | ||
| 650 | _eCodice materia Spics: 6809 | ||
| 942 | _cBK | ||
| 957 | _71 | ||
| 999 |
_c54580 _d54580 |
||
| 999 | _bSI | ||
| 999 | _g1 | ||